[Event "Rasht Father Cup Blitz 2nd"]
[Site "Rasht"]
[Date "2023.12.07"]
[Round "3"]
[White "Eghdam, Pouria"]
[Black "Maghsoodloo, Parham"]
[Result "0-1"]
[WhiteElo "1956"]
[BlackElo "2742"]
[PlyCount "56"]
[EventDate "2023.12.07"]
[EventType "swiss (blitz)"]
[EventRounds "13"]
[EventCountry "IRI"]
[SourceTitle "CB50_2023"]
[SourceDate "2023.12.13"]
[SourceVersion "1"]
[SourceVersionDate "2023.12.13"]
[SourceQuality "1"]

1. Nf3 d5 2. e3 Nf6 3. c4 e6 4. Nc3 Bd6 5. b3 0-0 6. Bb2 Nc6 7. Be2 Re8 8. d4 dxc4 9. bxc4 e5 10. dxe5 Nxe5 11. Qc2 c6 12. Rd1 Qc7 13. h3 Be6 14. Ng5 Bxc4 15. Bxc4 Nxc4 16. Nd5 cxd5 17. Bxf6 gxf6 18. Qxh7+ Kf8 19. Qh6+ Ke7 20. Nh7 Bb4+ 21. Kf1 Qe5 22. f4 Nxe3+ 23. Kg1 Qe6 24. Rd3 Nf5 25. Qh5 Qe4 26. Rf3 Rg8 27. Kh2 Rxg2+ 28. Kxg2 Qe2+ 0-1

[Event "Rasht Father Cup Blitz 2nd"]
[Site "Rasht"]
[Date "2023.12.07"]
[Round "4"]
[White "Maghsoodloo, Parham"]
[Black "Khaledi, Omid"]
[Result "1-0"]
[WhiteElo "2742"]
[BlackElo "2176"]
[PlyCount "55"]
[EventDate "2023.12.07"]
[EventType "swiss (blitz)"]
[EventRounds "13"]
[EventCountry "IRI"]
[SourceTitle "CB50_2023"]
[SourceDate "2023.12.13"]
[SourceVersion "1"]
[SourceVersionDate "2023.12.13"]
[SourceQuality "1"]

1. d4 Nf6 2. c4 e6 3. Nf3 b6 4. a3 Bb7 5. Bf4 Be7 6. Nc3 0-0 7. Qc2 d5 8. Rd1 Nbd7 9. cxd5 exd5 10. e3 c6 11. Bd3 Re8 12. 0-0 Nf8 13. Ne5 Ng6 14. Bg5 Nd7 15. Bxe7 Qxe7 16. f4 Ndxe5 17. dxe5 Red8 18. Ne2 c5 19. Ng3 Rac8 20. Nf5 Qc7 21. Qf2 Nf8 22. Qh4 Rb8 23. Rf3 Bc8 24. Ne7+ Kh8 25. Bxh7 Nxh7 26. f5 g6 27. fxg6 fxg6 28. Rf7 1-0

[Event "Rasht Father Cup Blitz 2nd"]
[Site "Rasht"]
[Date "2023.12.07"]
[Round "10"]
[White "Maghsoodloo, Parham"]
[Black "Salimiyan, Behzad"]
[Result "1-0"]
[WhiteElo "2742"]
[BlackElo "2111"]
[PlyCount "69"]
[EventDate "2023.12.07"]
[EventType "swiss (blitz)"]
[EventRounds "13"]
[EventCountry "IRI"]
[SourceTitle "CB50_2023"]
[SourceDate "2023.12.13"]
[SourceVersion "1"]
[SourceVersionDate "2023.12.13"]
[SourceQuality "1"]

1. e4 e5 2. Nf3 Nf6 3. Nxe5 d6 4. Nd3 Nxe4 5. Qe2 Qe7 6. Nf4 c6 7. d4 d5 8. f3 Nd6 9. c3 Bf5 10. g4 Bd7 11. h4 a5 12. Kf2 Na6 13. Qxe7+ Bxe7 14. Bd3 Nc7 15. Nd2 Ne6 16. Nf1 f5 17. g5 g6 18. Nxe6 Bxe6 19. Bf4 Nf7 20. Re1 Kd7 21. Ne3 a4 22. c4 Ra5 23. a3 Bd6 24. Bxd6 Nxd6 25. c5 Nf7 26. Ng2 Re8 27. Nf4 Raa8 28. h5 Nxg5 29. hxg6 hxg6 30. Reg1 Nf7 31. Rxg6 Nd8 32. Nxe6 Nxe6 33. Bxf5 Re7 34. Rhh6 Rae8 35. Bg4 1-0

[Event "Rasht Father Cup Blitz 2nd"]
[Site "Rasht"]
[Date "2023.12.07"]
[Round "11"]
[White "Mahdavi, Reza"]
[Black "Maghsoodloo, Parham"]
[Result "0-1"]
[WhiteElo "2312"]
[BlackElo "2742"]
[PlyCount "62"]
[EventDate "2023.12.07"]
[EventType "swiss (blitz)"]
[EventRounds "13"]
[EventCountry "IRI"]
[SourceTitle "CB50_2023"]
[SourceDate "2023.12.13"]
[SourceVersion "1"]
[SourceVersionDate "2023.12.13"]
[SourceQuality "1"]

1. e4 c5 2. Nf3 Nc6 3. d4 cxd4 4. Nxd4 e6 5. Nc3 Qc7 6. Be3 Nf6 7. Ndb5 Qb8 8. Qd2 a6 9. Nd4 b5 10. Nxc6 dxc6 11. 0-0-0 Bb7 12. g4 Qd8 13. Qe2 Qa5 14. g5 Nd7 15. Qf3 Rd8 16. Kb1 b4 17. Ne2 c5 18. Nc1 Qc7 19. Bf4 Qc6 20. Bc4 Be7 21. Rhe1 Nb6 22. Rxd8+ Bxd8 23. Bf1 c4 24. Be5 0-0 25. h4 Nd7 26. Bg3 a5 27. Rd1 Be7 28. Bxc4 Qxc4 29. Rxd7 Bxe4 30. Qb3 Qc6 31. Rxe7 a4 0-1

[Event "Bundesliga 2324"]
[Site "Germany"]
[Date "2023.12.02"]
[Round "3.6"]
[White "Maghsoodloo, Parham"]
[Black "Svane, Frederik"]
[Result "1/2-1/2"]
[WhiteElo "2707"]
[BlackElo "2626"]
[PlyCount "142"]
[EventDate "2023.10.21"]
[EventType "team-tourn"]
[EventRounds "15"]
[EventCountry "GER"]
[SourceTitle "CB49_2023"]
[SourceDate "2023.12.06"]
[SourceVersion "1"]
[SourceVersionDate "2023.12.06"]
[SourceQuality "1"]
[WhiteTeam "Viernheim"]
[BlackTeam "Hamburger SK"]
[WhiteTeamCountry "GER"]
[BlackTeamCountry "GER"]

1. c4 Nf6 2. Nc3 e5 3. Nf3 Nc6 4. g3 d5 5. cxd5 Nxd5 6. Bg2 Bc5 7. 0-0 0-0 8. d3 h6 9. Nxd5 Qxd5 10. Bd2 Rd8 11. Qc2 Qd6 12. Rac1 Bb6 13. a3 a5 14. Be3 Bg4 15. Qa4 Bd4 16. Nxd4 Nxd4 17. Bxd4 exd4 18. Bxb7 Rab8 19. Be4 Rxb2 20. Qxa5 Rxe2 21. Rc6 Qf8 22. Rxc7 f5 23. Bg2 f4 24. gxf4 Rd6 25. h3 Bf5 26. Bd5+ Kh8 27. Rf7 Qc8 28. Qb4 Rg6+ 29. Kh2 Re8 30. Re1 Rd8 31. Re5 Bxd3 32. f5 Rg5 33. Qe7 Rg8 34. f6 Qb8 35. Rxg7 R5xg7 36. fxg7+ Rxg7 37. Qe8+ Qxe8 38. Rxe8+ Kh7 39. Rd8 Ra7 40. Bg8+ Kg7 41. Rxd4 Bf5 42. Bb3 Rxa3 43. Rb4 Kf6 44. h4 Be6 45. Bxe6 Kxe6 46. Rb6+ Kf5 47. Rxh6 Kg4 48. Kg2 Ra2 49. Rh8 Rb2 50. h5 Ra2 51. h6 Kg5 52. Kg3 Ra3+ 53. f3 Rb3 54. Kf2 Rb2+ 55. Kg3 Rb3 56. Kg2 Rb2+ 57. Kf1 Rb1+ 58. Ke2 Rb2+ 59. Kd3 Rb3+ 60. Ke4 Rb4+ 61. Kd5 Rb5+ 62. Kd6 Rb6+ 63. Kd7 Rb7+ 64. Kd6 Rb6+ 65. Kc7 Rf6 66. h7 Kg6 67. Rg8+ Kxh7 68. Rg3 Rg6 69. Rxg6 Kxg6 70. f4 Kf5 71. Kb8 Kxf4 1/2-1/2